| 000 | 00658nam a2200181Ia 4500 | ||
|---|---|---|---|
| 008 | 100921s9999 xx 000 0 und d | ||
| 082 |
_b39853 _a891.463 0 |
||
| 100 | _aहरकारे अरूण. | ||
| 245 | _aकाजल आणि करिश्मा. | ||
| 260 |
_bमंगल दीप प्रकाशन, पुणे. _c0 |
||
| 300 |
_a165 _bस्वरदा बुक्स |
||
| 365 | _b155 | ||
| 520 | _aललित-कादंबरी. | ||
| 630 | _aकाजल आणि करिश्मा. | ||
| 650 | _aललित-कादंबरी. | ||
| 730 | _aकाजल आणि करिश्मा. | ||
| 942 | _cBOOK | ||
| 999 |
_c788966 _d788963 |
||